000 00573nam a2200121Ia 4500
008 220620s9999||||xx |||||||||||||| ||und||
245 0 _aTransforming Education Outcomes in Africa
_bLearning from Togo
546 _aEnglish[eng]
650 _aEconomics||Management science||Education—Economic aspects||Educational policy||Education and state||Africa—Economic conditions||Public finance||Development economics
700 _aHoogeveen, Johannes||Rossi, Mariacristina
856 _uhttps://library.oapen.org/bitstream/20.500.12657/22887/1/1007274.pdf
942 _cEB
999 _c24493
_d24493